Score 0/27 Timer 03:00
0 Plays Today
Hints 4-Letter Word % Correct
A quacking birdDUCK
98.2%
Halloween face coveringMASK
96%
Dirt or sludgeMUCK
92.7%
Money payed to landlordRENT
91.4%
An animal scentMUSK
90%
Catholic leaderPOPE
89.9%
What a dog does to cool offPANT
89.5%
Maker of trucksMACK
89.4%
A measure of liquid often beerPINT
89.2%
On ____ and needlesPINS
88.7%
To talk excessivelyRANT
88.4%
These are used for cookingPANS
87.6%
A clueHINT
87.6%
Lions do this to get foodHUNT
86.7%
Hints 4-Letter Word % Correct
Water travels through thisPIPE
86.1%
Garden watererHOSE
86%
Get yourself ready for a photoPOSE
85.2%
Held inside, like anger with 'up'PENT
83.9%
Plays on wordsPUNS
83%
To send a letterPOST
82.9%
Name of famed blue diamondHOPE
82.9%
Gladys Knight's backup singersPIPS
81.7%
A nuisancePEST
81.4%
A catPUSS
68.3%
English alternative rock bandMUSE
67.4%
Electrical surge protectorFUSE
65.6%
A big to-do or botherFUSS
65.2%

Today's Daily Dose

Missing Word
'T' Pairs

Word Ladder
Game Pieces

Get the Picture
Baseball Movies

Remove Ads.
Support Sporcle.
Get the best of Sporcle when you Go Orange. This ad-free experience offers more features, more stats, and more fun while also helping to support Sporcle. Thank you for becoming a member.

You're not logged in!

Compare scores with friends on all Sporcle quizzes.
OR
Log In

Show Comments

Extras

Top Quizzes Today


Score Distribution

Your Account Isn't Verified!

In order to create a playlist on Sporcle, you need to verify the email address you used during registration. Go to your Sporcle Settings to finish the process.

Report this User

Report this user for behavior that violates our Community Guidelines.

Details: